00410nam a2200181Ia 4500008004100000020001400041050001400055100001600069245002800085245001600113260001500129260001600144260000900160300001400169300002700183300001000210500000800220170918s9999 xx 000 0 und d a439113555 bB879 1998 aBrown, Mark aArthur lost and found / cMarc Brown. aNew York : bScholastic, c1998 aunpaged : bcolored illustration ; c26cm. a370